00463nam a2200157Ia 4500999001700000003000400017005001700021008004100038040001800079082001900097100002700116245006900143260004000212300000900252942004400261 c17844d17844OSt20200606120047.0190216s9999||||xx |||||||||||||| ||und|| cMESKC library a891.431bGUR/M aGurtu, Sachi Rani9397 0aMahadevi Varma Kavya Kala Aur Jeevan Darshan /cSachi Rani Gurtu bAatmaraam End Samse,aDelhi:c1963. a268p cBK2ddch891.431iGUR/Mk891.431mGUR/M